000 00821nam a2200229Ii 4500
003 JO-AjNU
008 230605s9999||||xx |||||||||||||| ||und||
017 _a2011/3/1100
020 _a978-9957-07-914-7
040 _aJO-AjNU
_bara
_erda
_cJO-AjNU
041 _aara
050 1 4 _aBF449.F7.2012
100 3 _aFogler,Scott.H , Leblanc,Steven.E ،بدوي،رمضان مسعد/ترجمة,
_eauthor
_943033
245 0 0 _aاستراتجيات للحل الإبداعي للمشكلة=Strategies for Creative Problem Solving
250 _aط1
264 3 1 _aعمان:دار الفكر ناشرون وموزعون ،2011
300 _a328ص
336 _atext
_btxt
_2rdacontent
337 _aunmediated
_bn
_2rdamedia
338 _avolume
_bnc
_2rdacarrier
650 4 _aاستراتيجيات حل المشكلة
_943034
999 _aA18471
_c22039
_d22039